[Event "Liga Vasca 2009 - DH"]
[Site "Pais Vasco ESP"]
[Date "2009.02.21"]
[Round "6.42"]
[White "Galarza Bilbao, Xabier"]
[Black "Mindeguia Guruceaga, Juan Jesus"]
[Result "1-0"]
[WhiteElo "2142"]
[BlackElo "2230"]
[PlyCount "117"]
[EventDate "2009.01.10"]
[EventType "team"]
[EventRounds "9"]
[EventCountry "ESP"]
[Source "lmi"]
[SourceDate "2009.01.10"]
[WhiteTeamCountry "ESP"]
[BlackTeamCountry "ESP"]

1. d4 d5 2. c4 e6 3. Nc3 c5 4. cxd5 exd5 5. Nf3 Nc6 6. g3 Nf6 7. Bg2 cxd4 8.
Nxd4 Bc5 9. Nb3 Bb4 10. O-O Bxc3 11. bxc3 O-O 12. Ba3 Re8 13. c4 dxc4 14. Bxc6
bxc6 15. Qxd8 Rxd8 16. Na5 Rd2 17. Rad1 Rxe2 18. Rd8+ Re8 19. Rxe8+ Nxe8 20.
Rc1 Be6 21. Nxc4 Bd5 22. Na5 Rc8 23. Bc5 Bxa2 24. Bxa7 Bd5 25. Rb1 Nf6 26. Rb8
Rxb8 27. Bxb8 c5 28. Kf1 Nd7 29. Bc7 f6 30. f4 Kf7 31. Ke2 Ke6 32. g4 g6 33.
Ke3 h5 34. f5+ Kf7 35. fxg6+ Kxg6 36. gxh5+ Kxh5 37. Kf4 Kg6 38. Bd6 Kf7 39.
Kf5 c4 40. Bb4 Ne5 41. Bc3 Nd7 42. h4 Nc5 43. Bd4 Be6+ 44. Kf4 Nd3+ 45. Ke3 f5
46. Nc6 f4+ 47. Kd2 Kg6 48. Na5 f3 49. Kc3 Nf4 50. Kd2 Ne2 51. Be3 c3+ 52. Kd1
Bd5 53. Kc2 Be4+ 54. Kd1 c2+ 55. Ke1 c1=Q+ 56. Bxc1 Nxc1 57. Nc4 Nd3+ 58. Kd2
Kf5 59. Ke3 1-0

[Event "Liga Vasca 2009 - DH"]
[Site "Pais Vasco ESP"]
[Date "2009.02.21"]
[Round "6.43"]
[White "Rebole Arbea, Jose Ignacio"]
[Black "Basto Auzmendi, Mario"]
[Result "1-0"]
[WhiteElo "2207"]
[BlackElo "2086"]
[PlyCount "55"]
[EventDate "2009.01.10"]
[EventType "team"]
[EventRounds "9"]
[EventCountry "ESP"]
[Source "lmi"]
[SourceDate "2009.01.10"]
[WhiteTeamCountry "ESP"]
[BlackTeamCountry "ESP"]

1. d4 Nf6 2. Nf3 g6 3. g3 Bg7 4. Bg2 O-O 5. c4 d6 6. O-O Nc6 7. Nc3 a6 8. d5
Na5 9. Nd2 c5 10. Qc2 Rb8 11. b3 b5 12. Bb2 bxc4 13. bxc4 Bd7 14. Rab1 Qc7 15.
Ba1 Ng4 16. e3 Ne5 17. Ne2 Rxb1 18. Rxb1 Rb8 19. Rxb8+ Qxb8 20. Bc3 Qb6 21. h3
Bh6 22. f4 Nexc4 23. Nxc4 Nxc4 24. Qe4 Nb2 25. Qxe7 Na4 26. Qxd7 Qb1+ 27. Kh2
Qc2 28. Bf6 1-0

[Event "Liga Vasca 2009 - DH"]
[Site "Pais Vasco ESP"]
[Date "2009.02.21"]
[Round "6.44"]
[White "Martinez de Soria Gordon, Jose Maria"]
[Black "Jimenez Almeida, Luis David"]
[Result "1-0"]
[WhiteElo "2074"]
[BlackElo "1888"]
[PlyCount "43"]
[EventDate "2009.01.10"]
[EventType "team"]
[EventRounds "9"]
[EventCountry "ESP"]
[Source "lmi"]
[SourceDate "2009.01.10"]
[WhiteTeamCountry "ESP"]
[BlackTeamCountry "ESP"]

1. e4 e5 2. Nf3 Nf6 3. Nc3 Nc6 4. d4 exd4 5. Nxd4 Bb4 6. Nxc6 bxc6 7. Bd3 O-O
8. O-O Bxc3 9. bxc3 Re8 10. Re1 d6 11. Bg5 h6 12. Bh4 Bb7 13. Rb1 Rb8 14. f4 c5
15. e5 dxe5 16. fxe5 Qd5 17. Rxb7 Rxb7 18. exf6 Qc6 19. fxg7 Re6 20. Bc4 Rd6
21. Qh5 Qd7 22. Rf1 1-0

[Event "Liga Vasca 2009 - DH"]
[Site "Pais Vasco ESP"]
[Date "2009.02.21"]
[Round "6.51"]
[White "Alonso Arburu, Juan Ignacio"]
[Black "Benito Imaz, Juan"]
[Result "1-0"]
[WhiteElo "2353"]
[BlackElo "2335"]
[PlyCount "133"]
[EventDate "2009.01.10"]
[EventType "team"]
[EventRounds "9"]
[EventCountry "ESP"]
[Source "lmi"]
[SourceDate "2009.01.10"]
[WhiteTeamCountry "ESP"]
[BlackTeamCountry "ESP"]

1. e4 c6 2. d4 d5 3. f3 e6 4. Nc3 Bb4 5. Bf4 Ne7 6. Qd3 Nd7 7. Nge2 b5 8. a3
Ba5 9. g4 Bc7 10. Bg2 Bxf4 11. Nxf4 Bb7 12. Nh5 g6 13. Ng3 Qb6 14. Nce2 c5 15.
c3 O-O-O 16. e5 cxd4 17. cxd4 Kb8 18. Qe3 Nc6 19. Kf2 Rhe8 20. g5 Rh8 21. h4
Ka8 22. f4 h5 23. gxh6 Rxh6 24. h5 gxh5 25. Rxh5 Rxh5 26. Nxh5 Rh8 27. Rh1 Ne7
28. Nhg3 Qd8 29. Qd3 a6 30. Qc3 Rxh1 31. Bxh1 Kb8 32. Bf3 Qc7 33. Qxc7+ Kxc7
34. Bh5 f6 35. Bf7 fxe5 36. fxe5 Nf8 37. Nf4 Bc8 38. Ke3 Nc6 39. Ngh5 Kd8 40.
Nf6 Na5 41. Kd3 Ke7 42. Bh5 Nc6 43. Kc3 Nd7 44. Ng4 Nb6 45. Ne2 Nc4 46. Bg6 Bd7
47. Bd3 Nb6 48. b3 Nd8 49. Nf4 Nc6 50. Nf6 Be8 51. Be2 Nd7 52. Ng4 Nb6 53. Bf1
Bd7 54. Nf6 Bc8 55. Bh3 Kf7 56. Nd3 Ke7 57. Nb4 Na7 58. Nd3 Nc6 59. Nc5 a5 60.
a4 b4+ 61. Kd3 Nd8 62. Ke3 Nc6 63. Bf1 Nb8 64. Bb5 N8d7 65. Nfxd7 Nxd7 66. Bxd7
Bxd7 67. Nxd7 1-0

[Event "Liga Vasca 2009 - DH"]
[Site "Pais Vasco ESP"]
[Date "2009.02.21"]
[Round "6.52"]
[White "Agirretxe San Sebastian, Jesus Maria"]
[Black "Cruz-Lopez Claret, Carlos"]
[Result "1/2-1/2"]
[WhiteElo "2180"]
[BlackElo "2342"]
[PlyCount "28"]
[EventDate "2009.01.10"]
[EventType "team"]
[EventRounds "9"]
[EventCountry "ESP"]
[Source "lmi"]
[SourceDate "2009.01.10"]
[WhiteTeamCountry "ESP"]
[BlackTeamCountry "ESP"]

1. d4 d5 2. Bg5 f6 3. Bf4 c5 4. e3 Bf5 5. Bd3 Bxd3 6. Qxd3 Qb6 7. Qb3 Nc6 8.
Qxb6 axb6 9. Nc3 e5 10. Bg3 cxd4 11. Nxd5 Rd8 12. e4 Nb4 13. Nxb4 Bxb4+ 14. Ke2
Ne7 1/2-1/2

[Event "Liga Vasca 2009 - DH"]
[Site "Pais Vasco ESP"]
[Date "2009.02.21"]
[Round "6.53"]
[White "Serras Uria, Antonio"]
[Black "Alvarez Ponga, Hugo"]
[Result "1-0"]
[WhiteElo "2187"]
[BlackElo "2103"]
[PlyCount "98"]
[EventDate "2009.01.10"]
[EventType "team"]
[EventRounds "9"]
[EventCountry "ESP"]
[Source "lmi"]
[SourceDate "2009.01.10"]
[WhiteTeamCountry "ESP"]
[BlackTeamCountry "ESP"]

1. e4 e6 2. d4 d5 3. e5 c5 4. c3 Qb6 5. Nf3 Bd7 6. a3 Ne7 7. dxc5 Qxc5 8. Bd3
Qc7 9. Bf4 Nbc6 10. Qe2 a6 11. O-O f5 12. h3 h6 13. Bh2 Rc8 14. Nbd2 g6 15. c4
Rb8 16. Rac1 Bg7 17. b4 Qd8 18. cxd5 Nxd5 19. Bc4 Nce7 20. Rfd1 O-O 21. Nd4 Re8
22. N2b3 b5 23. Bd3 Ra8 24. Nc5 Nc8 25. Bb1 Ncb6 26. Ba2 Bf8 27. Qf3 a5 28. Nb7
Qg5 29. Nxa5 Rec8 30. Ne2 Rxc1 31. Rxc1 Rc8 32. Rxc8 Bxc8 33. Bf4 Qd8 34. Qd3
Qc7 35. Bg3 Bd7 36. Nb3 g5 37. h4 Bg7 38. hxg5 hxg5 39. Nc5 f4 40. Nxd7 Qxd7
41. Bh2 Bxe5 42. Qg6+ Bg7 43. Qxg5 Nxb4 44. Bb3 N4d5 45. Bxf4 Nc4 46. a4 Qa7
47. axb5 Ncb6 48. Qd8+ Kf7 49. Kh2 Nxf4 1-0

[Event "Liga Vasca 2009 - DH"]
[Site "Pais Vasco ESP"]
[Date "2009.02.21"]
[Round "6.54"]
[White "Alvarado Fernandez, Mikel"]
[Black "Alonso Arburu, Jose Maria"]
[Result "0-1"]
[WhiteElo "2011"]
[BlackElo "2126"]
[PlyCount "56"]
[EventDate "2009.01.10"]
[EventType "team"]
[EventRounds "9"]
[EventCountry "ESP"]
[Source "lmi"]
[SourceDate "2009.01.10"]
[WhiteTeamCountry "ESP"]
[BlackTeamCountry "ESP"]

1. d4 Nf6 2. Bg5 e6 3. e4 h6 4. Bxf6 Qxf6 5. e5 Qd8 6. Nc3 d5 7. Bd3 c5 8. dxc5
Bxc5 9. Qg4 Qg5 10. Qxg5 hxg5 11. Nge2 a6 12. g3 g4 13. Na4 Ba7 14. c4 dxc4 15.
Be4 Nd7 16. Rd1 Nxe5 17. Nd4 f5 18. f4 gxf3 19. Nxf3 Ng4 20. Bxf5 exf5 21. Kd2
Be6 22. Rhe1 O-O-O+ 23. Kc1 Bd5 24. Ng5 Be3+ 25. Rxe3 Nxe3 26. Rd4 Rxh2 27.
Nb6+ Kc7 28. Nxd5+ Rxd5 0-1

[Event "Liga Vasca 2009 - DH"]
[Site "Pais Vasco ESP"]
[Date "2009.02.28"]
[Round "7.11"]
[White "Alberdi Sololuce, Paulo"]
[Black "Agirretxe San Sebastian, Jesus Maria"]
[Result "1-0"]
[WhiteElo "2161"]
[BlackElo "2180"]
[PlyCount "85"]
[EventDate "2009.01.10"]
[EventType "team"]
[EventRounds "9"]
[EventCountry "ESP"]
[Source "lmi"]
[SourceDate "2009.01.10"]
[WhiteTeamCountry "ESP"]
[BlackTeamCountry "ESP"]

1. c4 c6 2. e4 d5 3. cxd5 cxd5 4. exd5 Nf6 5. Bb5+ Nbd7 6. Nc3 g6 7. d4 Bg7 8.
d6 exd6 9. Qe2+ Qe7 10. Bf4 Qxe2+ 11. Bxe2 Ke7 12. Bf3 Nb6 13. Nge2 Rd8 14. O-O
a6 15. Rfe1 Kf8 16. Rac1 Rb8 17. Ng3 Ne8 18. Bg5 f6 19. Bf4 g5 20. Be3 Nc4 21.
Be4 h6 22. Nd5 b5 23. b3 Nxe3 24. Nxe3 Bb7 25. Bxb7 Rxb7 26. Nd5 Kf7 27. Nf5
Bf8 28. h4 h5 29. Rc6 Ra7 30. f3 Ng7 31. Nxg7 Bxg7 32. f4 f5 33. hxg5 Bxd4+ 34.
Kh2 h4 35. Re2 Re8 36. g6+ Kf8 37. Rxe8+ Kxe8 38. Rxd6 Rd7 39. Nf6+ Bxf6 40.
Rxf6 Rg7 41. Rxa6 b4 42. Kh3 Rc7 43. Ra8+ 1-0

[Event "Liga Vasca 2009 - DH"]
[Site "Pais Vasco ESP"]
[Date "2009.02.28"]
[Round "7.12"]
[White "Dominguez Ofretorio, Javier"]
[Black "Salinero de Prado, Juan Manuel"]
[Result "1/2-1/2"]
[WhiteElo "2142"]
[BlackElo "2175"]
[PlyCount "123"]
[EventDate "2009.01.10"]
[EventType "team"]
[EventRounds "9"]
[EventCountry "ESP"]
[Source "lmi"]
[SourceDate "2009.01.10"]
[WhiteTeamCountry "ESP"]
[BlackTeamCountry "ESP"]

1. e4 c5 2. c3 e6 3. d4 cxd4 4. cxd4 d5 5. exd5 Qxd5 6. Nf3 Nf6 7. Bd3 Bb4+ 8.
Nc3 O-O 9. O-O Bxc3 10. bxc3 Nc6 11. c4 Qh5 12. Bg5 Nxd4 13. Bxf6 Nxf3+ 14.
gxf3 gxf6 15. Kh1 e5 16. Be4 Be6 17. Bxb7 Rab8 18. Bd5 Rfd8 19. Qd3 Bxd5 20.
cxd5 Rb4 21. Rg1+ Kh8 22. Rg2 Rf4 23. Rg3 Qf5 24. Qa3 e4 25. fxe4 Qxe4+ 26. f3
Qxd5 27. Rag1 a5 28. Qe3 Qd2 29. Qa7 Qd5 30. Qe7 Rxf3 31. Qxd8+ Qxd8 32. Rxf3
Qd5 33. Rgf1 Qxa2 34. Rxf6 Kg7 35. R6f5 Qc4 36. R1f4 Qe6 37. Rg5+ Kf8 38. Rgg4
f5 39. Rh4 Kg7 40. Kg2 Kg6 41. Kf3 Qd5+ 42. Ke3 Qb3+ 43. Kf2 Qc2+ 44. Kf3 Qd3+
45. Kf2 h5 46. Ra4 Kg5 47. Rhd4 Qh3 48. Kg1 Qe3+ 49. Kf1 h4 50. Rxh4 Qf3+ 51.
Ke1 Qh1+ 52. Kf2 Qd5 53. Rhd4 Qc5 54. h4+ Kf6 55. Kf3 Qc3+ 56. Kf4 Qe1 57. Rd6+
Ke7 58. Rad4 Qxh4+ 59. Kxf5 Qh5+ 60. Ke4 Qe2+ 61. Kf5 Qf2+ 62. Ke4 1/2-1/2

[Event "Liga Vasca 2009 - DH"]
[Site "Pais Vasco ESP"]
[Date "2009.02.28"]
[Round "7.13"]
[White "Hernandez Garca, Maximo"]
[Black "Alvarez Ponga, Hugo"]
[Result "1-0"]
[WhiteElo "2034"]
[BlackElo "2103"]
[PlyCount "105"]
[EventDate "2009.01.10"]
[EventType "team"]
[EventRounds "9"]
[EventCountry "ESP"]
[Source "lmi"]
[SourceDate "2009.01.10"]
[WhiteTeamCountry "ESP"]
[BlackTeamCountry "ESP"]

1. e4 c5 2. Nf3 e6 3. d4 cxd4 4. Nxd4 Nf6 5. Nc3 d6 6. Be3 a6 7. f3 Be7 8. Qd2
Qc7 9. O-O-O Nc6 10. h4 O-O 11. h5 Ne5 12. g4 Nfd7 13. g5 Nc4 14. Bxc4 Qxc4 15.
g6 Nf6 16. Rdg1 fxg6 17. hxg6 hxg6 18. Rxg6 Kf7 19. Qg2 Rg8 20. Rg1 b5 21.
Rxg7+ Rxg7 22. Qxg7+ Ke8 23. Qh8+ Kd7 24. Rg7 Ne8 25. Bg5 Nxg7 26. Qxg7 Kc7 27.
Bxe7 Bd7 28. b3 Qc5 29. Bf6 Re8 30. Kb2 Kc8 31. Nde2 Qh5 32. Qg4 Qf7 33. Qg7
Qh5 34. Qg3 Qf7 35. e5 d5 36. Qf2 Kb7 37. f4 Qh7 38. Nc1 Rc8 39. Nd3 Rc6 40.
Nc5+ Kb8 41. b4 Bc8 42. Ne2 Qh3 43. Nd4 Rc7 44. Bd8 Rg7 45. Nc6+ Ka8 46. Bg5
Rc7 47. Nd4 Ra7 48. Qf3 Qh7 49. f5 exf5 50. Qxd5+ Rb7 51. Nxb7 Bxb7 52. Qd8+
Ka7 53. Nxb5+ 1-0

[Event "Liga Vasca 2009 - DH"]
[Site "Pais Vasco ESP"]
[Date "2009.02.28"]
[Round "7.14"]
[White "Alvarado Fernandez, Mikel"]
[Black "Martinez Pelaez, David"]
[Result "1-0"]
[WhiteElo "2011"]
[BlackElo "1971"]
[PlyCount "73"]
[EventDate "2009.01.10"]
[EventType "team"]
[EventRounds "9"]
[EventCountry "ESP"]
[Source "lmi"]
[SourceDate "2009.01.10"]
[WhiteTeamCountry "ESP"]
[BlackTeamCountry "ESP"]

1. d4 d5 2. Bg5 h6 3. Bh4 c6 4. e3 Qb6 5. Qc1 e5 6. Nf3 exd4 7. exd4 Be7 8.
Bxe7 Nxe7 9. Be2 O-O 10. O-O Bg4 11. Nbd2 Nd7 12. Nb3 Rfe8 13. Re1 Ng6 14. h3
Bxf3 15. Bxf3 Qc7 16. Qd2 Nh4 17. Be2 Nf6 18. Bd3 Ne4 19. Bxe4 dxe4 20. Nc5 f5
21. Qe3 b6 22. Na6 Qd6 23. Qg3 Qe7 24. Nc7 f4 25. Qxf4 Rf8 26. Qxe4 Nf3+ 27.
Qxf3 Qxc7 28. Qb3+ Kh8 29. Re5 Rad8 30. Qe3 Qd6 31. c3 Qg6 32. Re1 Qc2 33. Qe2
Qa4 34. b3 Qa3 35. Re7 a5 36. Qc2 Qd6 37. R1e6 1-0

[Event "Liga Vasca 2009 - DH"]
[Site "Pais Vasco ESP"]
[Date "2009.02.28"]
[Round "7.31"]
[White "Astasio Lopez, David"]
[Black "Garbisu de Goñi, Unai"]
[Result "0-1"]
[WhiteElo "2250"]
[BlackElo "2466"]
[PlyCount "108"]
[EventDate "2009.01.10"]
[EventType "team"]
[EventRounds "9"]
[EventCountry "ESP"]
[Source "lmi"]
[SourceDate "2009.01.10"]
[WhiteTeamCountry "ESP"]
[BlackTeamCountry "ESP"]

1. d4 f5 2. Nc3 Nf6 3. Bg5 d5 4. Bxf6 exf6 5. e3 Be6 6. Bd3 Nc6 7. Nge2 Qd7 8.
Nf4 Bf7 9. a3 h5 10. Qf3 O-O-O 11. Nfe2 Ne7 12. h4 Kb8 13. O-O-O g6 14. b3 Nc8
15. Kb2 Qc6 16. Na4 Nd6 17. Nec3 Ne4 18. Bxe4 fxe4 19. Qe2 g5 20. b4 b6 21. Qa6
Be6 22. Qb5 Qxb5 23. Nxb5 Bg4 24. Rd2 Be7 25. g3 Bf3 26. Rh2 gxh4 27. Rxh4 f5
28. Rh2 h4 29. gxh4 c6 30. Nbc3 Bd6 31. Rh3 Bg2 32. Rg3 Bxg3 33. fxg3 Bf3 34.
Ne2 Bxe2 35. Rxe2 Rdg8 36. b5 Rxg3 37. bxc6 Kc7 38. Nc3 Kxc6 39. Rf2 Rh5 40. a4
Rxe3 41. Rg2 Rh6 42. Rg5 Rf3 43. h5 e3 44. Rg7 a6 45. Re7 f4 46. Re5 Rd6 47.
Ne2 Rf2 48. Nc1 Kd7 49. Nd3 Re6 50. Rxd5+ Ke7 51. Rf5 e2 52. Nxf2 e1=Q 53. Nd3
Qd2 54. d5 Re2 0-1

[Event "Liga Vasca 2009 - DH"]
[Site "Pais Vasco ESP"]
[Date "2009.02.28"]
[Round "7.32"]
[White "Mindeguia Guruceaga, Juan Jesus"]
[Black "Albaina Alvarez, Alvaro"]
[Result "1/2-1/2"]
[WhiteElo "2230"]
[BlackElo "2169"]
[PlyCount "43"]
[EventDate "2009.01.10"]
[EventType "team"]
[EventRounds "9"]
[EventCountry "ESP"]
[Source "lmi"]
[SourceDate "2009.01.10"]
[WhiteTeamCountry "ESP"]
[BlackTeamCountry "ESP"]

1. e4 d5 2. exd5 Qxd5 3. Nc3 Qa5 4. d4 Nf6 5. Bc4 Bf5 6. Nge2 e6 7. O-O c6 8.
Ng3 Bg6 9. f4 Bd6 10. f5 exf5 11. Qe2+ Kf8 12. Bf4 Bxf4 13. Rxf4 Nbd7 14. Qf3
Re8 15. Nxf5 Bxf5 16. Rxf5 Qb6 17. Qd3 h5 18. Raf1 Rh6 19. Bb3 Re7 20. Kh1 Kg8
21. Rg5 Kh8 22. a4 1/2-1/2

[Event "Liga Vasca 2009 - DH"]
[Site "Pais Vasco ESP"]
[Date "2009.02.28"]
[Round "7.33"]
[White "Villalta Bustillo, Igor"]
[Black "Rebole Arbea, Jose Ignacio"]
[Result "0-1"]
[WhiteElo "2169"]
[BlackElo "2207"]
[PlyCount "60"]
[EventDate "2009.01.10"]
[EventType "team"]
[EventRounds "9"]
[EventCountry "ESP"]
[Source "lmi"]
[SourceDate "2009.01.10"]
[WhiteTeamCountry "ESP"]
[BlackTeamCountry "ESP"]

1. d4 f5 2. Bg5 g6 3. Nd2 Nh6 4. e4 Nf7 5. h4 fxe4 6. Nxe4 d5 7. Nd2 Bg7 8. c3
O-O 9. Bd3 Nc6 10. Be3 e5 11. dxe5 Nfxe5 12. Be2 Bf5 13. Ndf3 Ng4 14. Bg5 Qd6
15. Nh3 Rae8 16. O-O Rxe2 17. Qxe2 Be4 18. Bf4 Rxf4 19. Nxf4 Qxf4 20. Qd2 Qd6
21. Rfe1 Bh6 22. Qe2 Qf4 23. Kf1 Nce5 24. Red1 Nxf3 25. gxf3 Nh2+ 26. Ke1 Nxf3+
27. Kf1 Qxh4 28. Qb5 Qh3+ 29. Ke2 Qe6 30. Qxb7 Bd3+ 0-1

[Event "Liga Vasca 2009 - DH"]
[Site "Pais Vasco ESP"]
[Date "2009.02.28"]
[Round "7.34"]
[White "Hernandorena De La Cruz, Egoi"]
[Black "Gutierrez Bustillo, Diego"]
[Result "1/2-1/2"]
[WhiteElo "2024"]
[BlackElo "2004"]
[PlyCount "43"]
[EventDate "2009.01.10"]
[EventType "team"]
[EventRounds "9"]
[EventCountry "ESP"]
[Source "lmi"]
[SourceDate "2009.01.10"]
[WhiteTeamCountry "ESP"]
[BlackTeamCountry "ESP"]

1. e4 e5 2. Bc4 Nf6 3. d3 c6 4. Nf3 d5 5. Bb3 dxe4 6. Ng5 Bg4 7. Bxf7+ Kd7 8.
Qd2 Bd6 9. h3 h6 10. Nxe4 Nxe4 11. dxe4 Rf8 12. hxg4 Rxf7 13. g5 hxg5 14. Qxg5
Qa5+ 15. Nc3 Na6 16. Be3 Nb4 17. O-O-O Nxa2+ 18. Nxa2 Qxa2 19. Rxd6+ Kxd6 20.
Rd1+ Ke6 21. Qg4+ Ke7 22. Qg5+ 1/2-1/2

[Event "Liga Vasca 2009 - DH"]
[Site "Pais Vasco ESP"]
[Date "2009.02.28"]
[Round "7.41"]
[White "Lozoya Rodriguez, Alberto"]
[Black "Iruzubieta Villaluenga, Jesus Maria"]
[Result "0-1"]
[WhiteElo "2205"]
[BlackElo "2423"]
[PlyCount "72"]
[EventDate "2009.01.10"]
[EventType "team"]
[EventRounds "9"]
[EventCountry "ESP"]
[Source "lmi"]
[SourceDate "2009.01.10"]
[WhiteTeam "Barakaldo"]
[BlackTeam "Ruta de Europa"]

1. c4 Nc6 2. g3 e5 3. Bg2 f5 4. a3 Nf6 5. Nc3 g6 6. d3 Bg7 7. Nf3 O-O 8. O-O d6
9. Bg5 h6 10. Bxf6 Qxf6 11. Nd5 Qf7 12. Rb1 Nd8 13. Qd2 Ne6 14. b4 Bd7 15. Ne1
f4 16. Nc2 Rae8 17. b5 b6 18. a4 Bc8 19. a5 Ng5 20. axb6 axb6 21. f3 Bb7 22.
Ncb4 Ne6 23. Rb3 Ra8 24. Nc3 Nd4 25. Rbb1 h5 26. Ne4 Bh6 27. g4 Bxe4 28. fxe4
hxg4 29. Nd5 Kh7 30. e3 f3 31. Bh1 Ne2+ 32. Kf2 Bg5 33. Ke1 Ra3 34. Kd1 Rfa8
35. Kc2 Ra2+ 36. Rb2 Nd4+ 0-1

[Event "Liga Vasca 2009 - DH"]
[Site "Pais Vasco ESP"]
[Date "2009.02.28"]
[Round "7.42"]
[White "Ruiz Gomez, Alejandro"]
[Black "Hernandez Izaguirre, Eder"]
[Result "1-0"]
[WhiteElo "2363"]
[BlackElo "2112"]
[PlyCount "109"]
[EventDate "2009.01.10"]
[EventType "team"]
[EventRounds "9"]
[EventCountry "ESP"]
[Source "lmi"]
[SourceDate "2009.01.10"]
[WhiteTeam "Ruta de Europa"]
[BlackTeam "Barakaldo"]

1. Nf3 Nf6 2. g3 Nc6 3. d4 e6 4. Bg2 d6 5. O-O g6 6. Re1 Bg7 7. e4 O-O 8. Nc3
Nd7 9. Bg5 Qe8 10. Nb5 f6 11. Nxc7 Qe7 12. Bf4 Rb8 13. d5 Nde5 14. Nb5 Nxf3+
15. Qxf3 e5 16. Bd2 a6 17. dxc6 axb5 18. cxb7 Be6 19. Bb4 Qc7 20. Red1 Rfd8 21.
Qa3 Qxb7 22. Bxd6 Ra8 23. Qe3 Rxa2 24. Rxa2 Bxa2 25. Bf3 Qc6 26. Qc5 Qxc5 27.
Bxc5 Rc8 28. b4 Be6 29. Rd6 Bh3 30. Bg2 Bxg2 31. Kxg2 Bf8 32. Rd5 Bxc5 33. bxc5
Rc6 34. Kf3 Kf7 35. Ke3 Ra6 36. Kd2 Ke6 37. Kc3 Ra4 38. f3 Rc4+ 39. Kb3 h5 40.
c3 g5 41. c6 Rxc6 42. Rxb5 Rd6 43. Kc2 f5 44. f4 gxf4 45. gxf4 fxe4 46. Rxe5+
Kf6 47. Rxh5 Rd3 48. Re5 Rh3 49. Rxe4 Rxh2+ 50. Kb3 Kf5 51. Rd4 Rh8 52. c4 Rb8+
53. Kc3 Rb1 54. c5 Rc1+ 55. Kb4 1-0

[Event "Liga Vasca 2009 - DH"]
[Site "Pais Vasco ESP"]
[Date "2009.02.28"]
[Round "7.43"]
[White "Urbieta Gabancho, Koldo"]
[Black "Limeres Guiance, Cristobal"]
[Result "0-1"]
[WhiteElo "2009"]
[BlackElo "2301"]
[PlyCount "112"]
[EventDate "2009.01.10"]
[EventType "team"]
[EventRounds "9"]
[EventCountry "ESP"]
[Source "lmi"]
[SourceDate "2009.01.10"]
[WhiteTeam "Barakaldo"]
[BlackTeam "Ruta de Europa"]

1. e4 d5 2. Nc3 e6 3. exd5 exd5 4. d4 Bb4 5. Bd3 Ne7 6. Nge2 Bf5 7. Bf4 Qd7 8.
O-O c6 9. Ng3 Bxd3 10. Qxd3 Na6 11. a3 Bd6 12. Bxd6 Qxd6 13. Nf5 Nxf5 14. Qxf5
O-O 15. Rfe1 Rfe8 16. g3 Nc7 17. Kf1 Rad8 18. Rxe8+ Rxe8 19. Re1 Rxe1+ 20. Kxe1
Ne6 21. Ne2 Qd8 22. c3 g6 23. Qe5 a5 24. Nf4 Ng5 25. Qe2 h5 26. h4 Ne4 27. Kf1
Qd7 28. Kg2 Nd6 29. Nd3 Qf5 30. f3 Nc4 31. a4 Kg7 32. b3 Nd6 33. Qe5+ Qxe5 34.
Nxe5 f6 35. Nd3 g5 36. hxg5 fxg5 37. Nc5 Kf6 38. Nd3 Kf5 39. Ne5 c5 40. g4+
hxg4 41. Nxg4 cxd4 42. cxd4 Kf4 43. Nf6 Ke3 44. Nxd5+ Kxd4 45. Nc7 Kc3 46. Ne6
Kxb3 47. Nxg5 Kxa4 48. Ne6 Kb4 49. Kf2 a4 50. Nd4 Kc3 51. Ne2+ Kb2 52. Nf4 a3
53. Nd3+ Kb1 54. Nb4 a2 55. Nxa2 Kxa2 56. Ke3 b5 0-1

[Event "Liga Vasca 2009 - DH"]
[Site "Pais Vasco ESP"]
[Date "2009.02.28"]
[Round "7.44"]
[White "Gete Rodriguez, Isidro"]
[Black "Carasa del Portillo, Mikel"]
[Result "1-0"]
[WhiteElo "1980"]
[BlackElo "2028"]
[PlyCount "143"]
[EventDate "2009.01.10"]
[EventType "team"]
[EventRounds "9"]
[EventCountry "ESP"]
[Source "lmi"]
[SourceDate "2009.01.10"]
[WhiteTeam "Ruta de Europa"]
[BlackTeam "Barakaldo"]

1. d4 d5 2. c4 dxc4 3. Nf3 Nf6 4. e3 e6 5. Bxc4 c5 6. O-O a6 7. a4 Nc6 8. Qe2
cxd4 9. Rd1 Be7 10. exd4 O-O 11. Bg5 Nb4 12. Nc3 Nfd5 13. Bxe7 Nxe7 14. Ne4
Ned5 15. Ra3 Nf4 16. Qd2 Nbd5 17. g3 Ng6 18. Qe2 Bd7 19. Ne5 Qc7 20. Nxg6 hxg6
21. Bxd5 exd5 22. Nc5 Rfe8 23. Qf3 Bc6 24. a5 Qe7 25. Re3 Qf6 26. Qxf6 gxf6 27.
Rde1 Kf8 28. f4 Rxe3 29. Rxe3 Re8 30. Kf2 Rxe3 31. Kxe3 f5 32. Kd2 Ke7 33. Kc3
Kd6 34. Kb4 f6 35. Kc3 Ke7 36. Kd2 Kf7 37. Kc3 Ke7 38. Kb4 Kd6 39. h3 Ke7 40.
Nd3 Kd6 41. Nf2 Bd7 42. Nd3 Bb5 43. Nc5 Bc6 44. Kc3 Ke7 45. Kd2 Kf7 46. Ke3 Ke7
47. Kf3 Kf7 48. g4 fxg4+ 49. Kxg4 Kg7 50. h4 Kf7 51. f5 Kg7 52. Ne6+ Kh6 53.
fxg6 Kxg6 54. Nf4+ Kg7 55. h5 Bd7+ 56. Kh4 Bc6 57. Ne6+ Kh6 58. Kg4 f5+ 59.
Kxf5 Kxh5 60. Nf4+ Kh4 61. Ke5 Kg4 62. Nxd5 Kf3 63. Ne7 Bb5 64. Kd5 Ke3 65. Kc5
Be2 66. d5 Ke4 67. Nc8 Ke5 68. Nd6 Bf3 69. Nxb7 Bxd5 70. Kb6 Kd4 71. Kxa6 Kc4
72. Kb6 1-0

[Event "Liga Vasca 2009 - DH"]
[Site "Pais Vasco ESP"]
[Date "2009.02.28"]
[Round "7.51"]
[White "Moiseenko, Alexander"]
[Black "Van Welly, Loek"]
[Result "1/2-1/2"]
[WhiteElo "2676"]
[BlackElo "2625"]
[PlyCount "40"]
[EventDate "2009.01.10"]
[EventType "team"]
[EventRounds "9"]
[EventCountry "ESP"]
[Source "lmi"]
[SourceDate "2009.01.10"]

1. d4 Nf6 2. c4 g6 3. Nc3 Bg7 4. e4 d6 5. f3 O-O 6. Bg5 c5 7. d5 h6 8. Be3 e6
9. Qd2 exd5 10. cxd5 h5 11. Bd3 Nbd7 12. Nh3 Ne5 13. Nf2 Nxd3+ 14. Nxd3 Re8 15.
O-O b6 16. Bh6 Bh8 17. Bg5 Ba6 18. Rfe1 Qd7 19. Rad1 Rad8 20. a3 Bc4 1/2-1/2

[Event "Liga Vasca 2009 - DH"]
[Site "Pais Vasco ESP"]
[Date "2009.02.28"]
[Round "7.52"]
[White "Hamdouchi, Hichem"]
[Black "Romain, Edouard"]
[Result "1/2-1/2"]
[WhiteElo "2598"]
[BlackElo "2562"]
[PlyCount "72"]
[EventDate "2009.01.10"]
[EventType "team"]
[EventRounds "9"]
[EventCountry "ESP"]
[Source "lmi"]
[SourceDate "2009.01.10"]

1. e4 c5 2. Nf3 d6 3. d4 cxd4 4. Nxd4 Nf6 5. Nc3 a6 6. Bc4 e6 7. Bb3 Nbd7 8.
Bg5 Qa5 9. Bxf6 Nxf6 10. O-O Be7 11. f4 Qc5 12. Kh1 b5 13. Qd3 O-O 14. f5 e5
15. Nd5 Ra7 16. Ne2 a5 17. Nec3 a4 18. Nxe7+ Rxe7 19. Nd5 Nxd5 20. Bxd5 Rc7 21.
f6 g6 22. c3 Kh8 23. a3 Be6 24. Rad1 Bxd5 25. Qxd5 Qxd5 26. Rxd5 b4 27. axb4 a3
28. bxa3 Rxc3 29. h4 Rxa3 30. Rb1 Ra6 31. Rbd1 Rb6 32. b5 h5 33. Ra1 Rd8 34.
Ra5 Kh7 35. Ra7 Kg8 36. Ra5 Kh7 1/2-1/2